000 00686nam a2200217 a 4500
001 000015547
005 20240412074244.0
008 100212s2009 dr r 000 p spa d
020 _a9789945163247
040 _aDO-SdBNP
_bspa
_cBNPHU
082 _aRD861.5
_bR457r
100 1 _aReyes, Pablo,
_d1978-
_934188
245 1 0 _aRetazos del otro /
_cPablo Reyes.
260 _aSanto Domingo :
_bDragón,
_c2009.
300 _a71 p. ;
_c22 cm.
500 _aIncluye datos biográficos del autor en la solapa de la cubierta
590 _aInventariado, 2019/BT
650 0 _aPoesía dominicana
_966
650 0 _aLiteratura dominicana.
_967
910 _aValidado. Control de calidad. MMOLINA
999 _c15103
_d15103